Library Logo

Pioneer International University Library Catalogue

PARENTING IN THE PRESENT MOMENT (Record no. 9768)

MARC details
000 -LEADER
fixed length control field 00398nam a22001457a 4500
003 - CONTROL NUMBER IDENTIFIER
control field OSt
005 - DATE AND TIME OF LATEST TRANSACTION
control field 20251111134724.0
008 - FIXED-LENGTH DATA ELEMENTS--GENERAL INFORMATION
fixed length control field 251111b |||||||| |||| 00| 0 eng d
020 ## - INTERNATIONAL STANDARD BOOK NUMBER
International Standard Book Number 9781937006839
040 ## - CATALOGING SOURCE
Transcribing agency PARALLAX PRESS
050 ## - LIBRARY OF CONGRESS CALL NUMBER
Classification number HQ 755.8 .N38 2014
245 ## - TITLE STATEMENT
Title PARENTING IN THE PRESENT MOMENT
Statement of responsibility, etc. NAUMBURG, CARLA
260 ## - PUBLICATION, DISTRIBUTION, ETC.
Place of publication, distribution, etc. BARKELEY, CALIFORNIA
Name of publisher, distributor, etc. PARALLAX PRESS
Date of publication, distribution, etc. 2014
942 ## - ADDED ENTRY ELEMENTS (KOHA)
Source of classification or shelving scheme Dewey Decimal Classification
Koha item type Books
Suppress in OPAC No
Holdings
Withdrawn status Lost status Source of classification or shelving scheme Damaged status Not for loan Home library Current library Date acquired Total checkouts Barcode Date last seen Price effective from Koha item type
    Library of Congress Classification     PIU Library PIU Library 11/11/2025   PIUDL825 11/11/2025 11/11/2025 Books